[Event "Las Palmas Insular-chT Primera-B"]
[Site "Las Palmas"]
[Date "2013.12.14"]
[Round "4.2"]
[White "Rodriguez Manzaneda, Irene"]
[Black "Marrero Cardenes, Agustin"]
[Result "1-0"]
[WhiteElo "1706"]
[BlackElo "2003"]
[PlyCount "67"]
[EventDate "2013.11.09"]
[EventType "team-tourn"]
[EventRounds "14"]
[EventCountry "ESP"]
[SourceTitle "EXT 2015"]
[Source "ChessBase"]
[SourceDate "2014.11.20"]
[SourceVersion "1"]
[SourceVersionDate "2014.11.20"]
[SourceQuality "1"]
[WhiteTeam "Telde Los Llanos"]
[BlackTeam "Maspalomas"]
[WhiteTeamCountry "ESP"]
[BlackTeamCountry "ESP"]

1. e4 c6 2. d4 d5 3. Nc3 dxe4 4. Nxe4 Nf6 5. Nxf6+ gxf6 6. c3 Qd5 7. Be3 Nd7 8. Qb3 h5 9. Nf3 e6 10. 0-0-0 b6 11. c4 Qd6 12. g3 Bh6 13. Nh4 Bb7 14. Bxh6 Rxh6 15. Nf5 Qf8 16. Nxh6 Qxh6+ 17. Qe3 Qxe3+ 18. fxe3 c5 19. Rg1 Rc8 20. b3 b5 21. Kb2 bxc4 22. Bxc4 Nb6 23. Bb5+ Ke7 24. Rc1 cxd4 25. Rxc8 Nxc8 26. exd4 Nd6 27. Be2 h4 28. gxh4 Nf5 29. h5 e5 30. dxe5 fxe5 31. Kc3 Kf6 32. b4 e4 33. Bg4 Nh6 34. Kd4 1-0

[Event "Las Palmas op 34th"]
[Site "Las Palmas"]
[Date "2013.12.07"]
[Round "8"]
[White "Alba Santana, Cayetano"]
[Black "Rodriguez Manzaneda, Irene"]
[Result "1/2-1/2"]
[WhiteElo "1769"]
[BlackElo "1712"]
[PlyCount "83"]
[EventDate "2013.12.02"]
[EventType "swiss"]
[EventRounds "9"]
[EventCountry "ESP"]
[SourceTitle "CBM 157 Extra"]
[Source "ChessBase"]
[SourceDate "2013.12.19"]
[SourceVersion "1"]
[SourceVersionDate "2013.12.19"]
[SourceQuality "1"]

1. Nf3 Nf6 2. g3 d5 3. d4 e6 4. Bg2 Be7 5. 0-0 0-0 6. c4 c6 7. b3 b6 8. Bb2 Bb7 9. Nbd2 Nbd7 10. Re1 c5 11. e3 Rc8 12. Rc1 cxd4 13. exd4 dxc4 14. bxc4 Qc7 15. Qb3 Qb8 16. Nh4 Rfd8 17. Bxb7 Qxb7 18. f4 Bf8 19. h3 Nb8 20. Nhf3 Nc6 21. Kh2 Ne8 22. Ne4 Nd6 23. Nxd6 Rxd6 24. a3 Na5 25. Qd3 h6 26. Ne5 Nc6 27. Nf3 Rcd8 28. Qe3 Ne7 29. g4 Ng6 30. Ne5 Nxe5 31. fxe5 R6d7 32. Rf1 Rc8 33. Rc2 Be7 34. Qe2 Rdc7 35. Rc3 Bg5 36. Bc1 Bxc1 37. Rfxc1 b5 38. c5 a6 39. Rb3 Qd5 40. Qe3 Rd8 41. Rd3 Rc6 42. Rc2 1/2-1/2

[Event "Las Palmas op 34th"]
[Site "Las Palmas"]
[Date "2013.12.05"]
[Round "4"]
[White "Rodriguez Manzaneda, Irene"]
[Black "Grube, Kurt Heinz"]
[Result "1-0"]
[WhiteElo "1712"]
[BlackElo "1886"]
[PlyCount "89"]
[EventDate "2013.12.02"]
[EventType "swiss"]
[EventRounds "9"]
[EventCountry "ESP"]
[SourceTitle "CBM 157 Extra"]
[Source "ChessBase"]
[SourceDate "2013.12.19"]
[SourceVersion "1"]
[SourceVersionDate "2013.12.19"]
[SourceQuality "1"]

1. e4 c5 2. Nf3 Nc6 3. d4 cxd4 4. Nxd4 d6 5. Nc3 a6 6. a4 Nf6 7. Bc4 Bd7 8. 0-0 e6 9. Nb3 Ne5 10. Be2 Bc6 11. f4 Ng6 12. Bd3 Be7 13. Kh1 Qb6 14. a5 Qc7 15. Qe1 Rd8 16. Be3 Nd7 17. Nd2 Rc8 18. Qg3 Bf6 19. h3 0-0 20. Qf2 Ne7 21. Nf3 g6 22. Ng5 h6 23. Nf3 Kh7 24. Qd2 Bg7 25. Nh4 Nc5 26. f5 Bf6 27. fxg6+ fxg6 28. Bxh6 Bxc3 29. bxc3 Rxf1+ 30. Rxf1 Ng8 31. Qg5 Be8 32. Bf8 Nxd3 33. cxd3 Qxc3 34. Nxg6 Rc5 35. e5 Rxe5 36. Nxe5 Qxe5 37. Qxe5 dxe5 38. Bd6 Bc6 39. Bxe5 Kg6 40. Kg1 Bb5 41. Rf3 Bc6 42. Rf8 Kh7 43. d4 Bd5 44. Rf7+ Kh6 45. Rg7 1-0

[Event "Las Palmas op 34th"]
[Site "Las Palmas"]
[Date "2013.12.04"]
[Round "3"]
[White "Lin, Ying Rui"]
[Black "Rodriguez Manzaneda, Irene"]
[Result "0-1"]
[WhiteElo "1436"]
[BlackElo "1712"]
[PlyCount "102"]
[EventDate "2013.12.02"]
[EventType "swiss"]
[EventRounds "9"]
[EventCountry "ESP"]
[SourceTitle "CBM 157 Extra"]
[Source "ChessBase"]
[SourceDate "2013.12.19"]
[SourceVersion "1"]
[SourceVersionDate "2013.12.19"]
[SourceQuality "1"]

1. d4 d5 2. c4 e6 3. Nc3 Nf6 4. Bg5 Be7 5. Nf3 0-0 6. e3 h6 7. Bh4 b6 8. Bd3 Bb7 9. cxd5 exd5 10. 0-0 Nbd7 11. Re1 Ne4 12. Bxe7 Qxe7 13. Nd2 c5 14. f3 Nd6 15. Bc2 f5 16. Nf1 c4 17. Ng3 Rae8 18. Qd2 Qg5 19. Ba4 Re7 20. Nh1 Nf6 21. Nf2 a6 22. Nh3 Qh5 23. Nf4 Qf7 24. Bc2 Rfe8 25. b3 b5 26. a3 g5 27. Nh3 Bc8 28. Nf2 Bb7 29. b4 Re6 30. a4 Qe7 31. axb5 axb5 32. Ncd1 Nh5 33. Ra3 Ng7 34. Nh3 f4 35. Kf2 Ngf5 36. g4 Nh4 37. Rc3 Qf7 38. Ng1 h5 39. h3 hxg4 40. hxg4 Kg7 41. Nh3 Rh6 42. Rh1 Rhe6 43. Rg1 Qf6 44. Bf5 R6e7 45. Ra3 Nf7 46. Bb1 fxe3+ 47. Rxe3 Rxe3 48. Nxe3 Qxf3+ 49. Ke1 Rxe3+ 50. Qxe3 Qxe3+ 51. Kd1 Qxh3 0-1

[Event "Las Palmas op 34th"]
[Site "Las Palmas"]
[Date "2013.12.03"]
[Round "2"]
[White "Rodriguez Manzaneda, Irene"]
[Black "Ramirez Medina, Victor"]
[Result "0-1"]
[WhiteElo "1712"]
[BlackElo "2011"]
[PlyCount "74"]
[EventDate "2013.12.02"]
[EventType "swiss"]
[EventRounds "9"]
[EventCountry "ESP"]
[SourceTitle "CBM 157 Extra"]
[Source "ChessBase"]
[SourceDate "2013.12.19"]
[SourceVersion "1"]
[SourceVersionDate "2013.12.19"]
[SourceQuality "1"]

1. e4 c5 2. Nf3 d6 3. d4 cxd4 4. Qxd4 a6 5. c4 Nc6 6. Qd2 Nf6 7. Nc3 g6 8. b3 Bg7 9. Bb2 0-0 10. Be2 Qa5 11. Nd5 Qxd2+ 12. Nxd2 Nd7 13. Bxg7 Kxg7 14. f3 e6 15. Nc3 f5 16. Rd1 Kf6 17. Kf2 f4 18. Ndb1 Ke7 19. Rd2 Nde5 20. Rhd1 Nf7 21. a3 Nce5 22. Na4 Bd7 23. Nb6 Rad8 24. b4 g5 25. a4 h5 26. a5 g4 27. Nc3 Rg8 28. b5 h4 29. Bf1 h3 30. bxa6 bxa6 31. Na2 g3+ 32. Kg1 gxh2+ 33. Kxh2 Rg3 34. Rf2 Ng5 35. Kh1 Rh8 36. gxh3 Nexf3 37. Bg2 Nxh3 0-1

[Event "Las Palmas Fischer Memorial 3rd"]
[Site "Las Palmas"]
[Date "2013.10.29"]
[Round "6"]
[White "Rodriguez Manzaneda, Irene"]
[Black "Natalicchio Escalante, Ricardo Nicolas"]
[Result "0-1"]
[WhiteElo "1707"]
[BlackElo "2210"]
[PlyCount "70"]
[EventDate "2013.10.11"]
[EventType "swiss"]
[EventRounds "7"]
[EventCountry "ESP"]
[SourceTitle "EXT 2014"]
[Source "ChessBase"]
[SourceDate "2013.11.20"]
[SourceVersion "1"]
[SourceVersionDate "2013.11.20"]
[SourceQuality "1"]

1. e4 c6 2. d4 d5 3. Nc3 dxe4 4. Nxe4 Nd7 5. Bc4 Ngf6 6. Ng5 e6 7. N1f3 h6 8. Nh3 g5 9. Nfg1 Bd6 10. Ne2 Qc7 11. Qd3 Nb6 12. Bb3 Bd7 13. Bd2 0-0-0 14. 0-0-0 c5 15. c4 e5 16. dxe5 Bxe5 17. Bc3 Bg4 18. Qe3 Rde8 19. Rhe1 Bf4 20. Nhxf4 Rxe3 21. Bxf6 Rxe2 22. Nxe2 Re8 23. f3 Be6 24. Rd2 Bxc4 25. Bxc4 Nxc4 26. Rd5 Nb6 27. Rd2 Nc4 28. Rd5 Qc6 29. Red1 Qxf6 30. Rxc5+ Kb8 31. Nc3 Rc8 32. Rcd5 Nxb2 33. Kxb2 Qxc3+ 34. Kb1 Qc2+ 35. Ka1 Qxg2 0-1

[Event "Las Palmas Fischer Memorial 3rd"]
[Site "Las Palmas"]
[Date "2013.10.15"]
[Round "2"]
[White "Ramirez Maillo, Cristian"]
[Black "Rodriguez Manzaneda, Irene"]
[Result "0-1"]
[WhiteElo "1212"]
[BlackElo "1707"]
[PlyCount "102"]
[EventDate "2013.10.11"]
[EventType "swiss"]
[EventRounds "7"]
[EventCountry "ESP"]
[SourceTitle "EXT 2014"]
[Source "ChessBase"]
[SourceDate "2013.11.20"]
[SourceVersion "1"]
[SourceVersionDate "2013.11.20"]
[SourceQuality "1"]

1. e4 c5 2. c3 d5 3. exd5 Qxd5 4. d4 e6 5. Nf3 Nf6 6. Be3 cxd4 7. cxd4 Nc6 8. Nc3 Qd6 9. Bd3 Be7 10. 0-0 0-0 11. a3 a6 12. Bc2 Rd8 13. Qd3 g6 14. Bg5 b5 15. Rfe1 Bb7 16. Rad1 Nd5 17. Ne4 Qc7 18. h4 Bxg5 19. Nfxg5 Nce7 20. g3 Nf5 21. Nc5 Qc6 22. Nxb7 Qxb7 23. h5 Nf6 24. hxg6 hxg6 25. Qf3 Qxf3 26. Nxf3 Rac8 27. Bxf5 gxf5 28. Rc1 Nd5 29. Rc5 Nb6 30. Rec1 Rxc5 31. dxc5 Nc4 32. b3 Nxa3 33. Ra1 b4 34. c6 Kf8 35. Ne5 Rc8 36. Rc1 f6 37. Nd7+ Ke7 38. Nb6 Rc7 39. Na8 Rc8 40. c7 Nb5 41. Rc4 Kd6 42. Rxb4 Rxa8 43. Kg2 Kxc7 44. g4 Rg8 45. Kh3 Rxg4 46. Rxg4 fxg4+ 47. Kxg4 Nd4 48. Kh5 Nxb3 49. Kg6 f5 50. Kf6 Kd6 51. Kg5 a5 0-1

[Event "Gran Canaria-ch (Women)"]
[Site "Las Palmas"]
[Date "2013.06.21"]
[Round "1.3"]
[White "Quiza Vazquez, Carolina"]
[Black "Rodriguez Manzaneda, Irene"]
[Result "1-0"]
[WhiteElo "1684"]
[BlackElo "1755"]
[PlyCount "78"]
[EventDate "2013.06.21"]
[EventType "swiss"]
[EventRounds "7"]
[EventCountry "ESP"]
[SourceTitle "EXT 2024"]
[Source "ChessBase"]
[SourceDate "2023.10.10"]
[SourceVersion "1"]
[SourceVersionDate "2023.10.10"]
[SourceQuality "1"]

1. d4 d5 2. c3 Nf6 3. Nf3 Bf5 4. Bf4 e6 5. Nbd2 c5 6. e3 h6 7. Bxb8 Qxb8 8. Bb5+ Kd8 9. Ne5 Qc7 10. 0-0 Bd6 11. Ndf3 a6 12. Bd3 Ne4 13. Bxe4 Bxe4 14. h3 f6 15. Nd3 c4 16. Nc1 g5 17. Nd2 Bg6 18. Qe2 h5 19. f4 gxf4 20. exf4 Bxf4 21. Qxe6 Bxd2 22. Qxf6+ Kd7 23. Qg7+ Kd8 24. Qxh8+ Be8 25. Qf6+ Kc8 26. Qe6+ Qd7 27. Qxd7+ Kxd7 28. Ne2 Bg6 29. Nf4 Bf7 30. Rad1 Be3+ 31. Kh1 Rg8 32. Rf3 Re8 33. Re1 Bd2 34. Rxe8 Kxe8 35. Rf2 Be3 36. Re2 Kd7 37. Rxe3 Kd6 38. Ne2 Bg6 39. Nf4 Bf7 1-0

[Event "Las Palmas Capablanca Memorial 1st"]
[Site "Las Palmas"]
[Date "2013.05.14"]
[Round "5"]
[White "Rodriguez Manzaneda, Irene"]
[Black "Gonzalez Ortega, Pino"]
[Result "1-0"]
[WhiteElo "1774"]
[BlackElo "1344"]
[PlyCount "55"]
[EventDate "2013.04.30"]
[EventType "swiss"]
[EventRounds "7"]
[EventCountry "ESP"]
[SourceTitle "EXT 2024"]
[Source "ChessBase"]
[SourceDate "2023.10.10"]
[SourceVersion "1"]
[SourceVersionDate "2023.10.10"]
[SourceQuality "1"]

1. e4 d6 2. d4 g6 3. Nc3 Bg7 4. f4 c6 5. Nf3 e6 6. Be3 Ne7 7. Bd3 0-0 8. 0-0 b5 9. Ne2 Na6 10. Ng3 Nb4 11. Be2 Rb8 12. Ng5 d5 13. c3 Na6 14. e5 Re8 15. Bd3 Nf5 16. Bf2 Nxg3 17. Bxg3 c5 18. Bh4 Qc7 19. g4 cxd4 20. cxd4 Qb6 21. Nf3 Nb4 22. Bb1 Bd7 23. Bf6 Bf8 24. f5 Be7 25. fxg6 fxg6 26. Qd2 Bxf6 27. exf6 Kf7 28. Ne5+ 1-0

[Event "Canarias-ch U16 31st"]
[Site "Puerto de la Cruz"]
[Date "2013.04.27"]
[Round "4"]
[White "Rodriguez Manzaneda, Irene"]
[Black "Pozo Vinuesa, Ana"]
[Result "1-0"]
[WhiteElo "1774"]
[BlackElo "1437"]
[PlyCount "85"]
[EventDate "2013.04.26"]
[EventType "swiss"]
[EventRounds "7"]
[EventCountry "ESP"]
[SourceTitle "EXT 2015"]
[Source "ChessBase"]
[SourceDate "2014.11.20"]
[SourceVersion "1"]
[SourceVersionDate "2014.11.20"]
[SourceQuality "1"]

1. e4 c5 2. Nf3 Nc6 3. d4 cxd4 4. Nxd4 g6 5. Nc3 Bg7 6. Be3 Nf6 7. Bd3 0-0 8. f4 Qb6 9. Bb5 Nxe4 10. Bxc6 Nxc3 11. bxc3 dxc6 12. 0-0 Rd8 13. Qf3 Qa5 14. f5 Bxd4 15. Bxd4 Qxf5 16. Qg3 Qxc2 17. Qe5 f6 18. Qxe7 Bf5 19. Qxf6 Rxd4 20. Qxd4 Re8 21. Rae1 Rf8 22. Re7 Rf7 23. Re8+ Rf8 24. Rfe1 Rxe8 25. Rxe8+ Kf7 26. Re1 Qxa2 27. Qe5 Qe6 28. Qc7+ Qd7 29. Qf4 h5 30. h3 Kg7 31. Qg5 Be6 32. Rf1 Bf5 33. Qf4 Qe7 34. Qd4+ Kg8 35. Qxa7 Qg7 36. Qe3 Kh7 37. Re1 Kg8 38. Qe8+ Qf8 39. Qe5 b6 40. Qc7 Qc5+ 41. Kh1 Qf8 42. Qxb6 Qc8 43. Re7 1-0

[Event "Las Palmas Montalvo Memorial 6th"]
[Site "Las Palmas"]
[Date "2013.03.31"]
[Round "9"]
[White "Julien Casteleiro, Ariel"]
[Black "Rodriguez Manzaneda, Irene"]
[Result "1-0"]
[WhiteElo "1586"]
[BlackElo "1720"]
[PlyCount "135"]
[EventDate "2013.03.25"]
[EventType "swiss"]
[EventRounds "9"]
[EventCountry "ESP"]
[SourceTitle "EXT 2014"]
[Source "ChessBase"]
[SourceDate "2013.11.20"]
[SourceVersion "1"]
[SourceVersionDate "2013.11.20"]
[SourceQuality "1"]

1. d4 d5 2. Nc3 Nf6 3. Bg5 e6 4. Qd2 Be7 5. Nf3 0-0 6. e3 b6 7. Bd3 Bb7 8. 0-0 c5 9. dxc5 bxc5 10. Rad1 Nc6 11. a3 Rb8 12. h4 Ba8 13. Na4 Nd7 14. Bxe7 Qxe7 15. e4 d4 16. Qg5 f6 17. Qd2 Nce5 18. Nxe5 Nxe5 19. f4 Ng4 20. Rf3 f5 21. Re1 Ne3 22. Rfxe3 dxe3 23. Qxe3 Qd6 24. exf5 exf5 25. g3 Qc6 26. Qe6+ Qxe6 27. Rxe6 g6 28. Bc4 Kh8 29. b3 Rbd8 30. Nxc5 Rd1+ 31. Kf2 Rfd8 32. Nd3 Be4 33. Ke3 Rg1 34. Re7 Rxg3+ 35. Kd2 a5 36. Kc3 Rf3 37. Ra7 Bxd3 38. cxd3 Rxf4 39. Rxa5 Rxh4 40. Re5 f4 41. a4 f3 42. Re1 f2 43. Rf1 Rf4 44. a5 g5 45. a6 Rd7 46. b4 g4 47. Be6 Ra7 48. b5 g3 49. Bh3 Rf6 50. Bg2 Kg8 51. Kb4 Kf8 52. Ka5 Rf5 53. d4 Rd7 54. Kb6 Rff7 55. d5 Rf6+ 56. Kc5 Ke7 57. b6 Rdd6 58. a7 Rd8 59. b7 Rff8 60. d6+ Rxd6 61. a8Q Rf5+ 62. Kb4 Rb6+ 63. Kc4 Rf4+ 64. Kc5 Rfb4 65. b8Q R4b5+ 66. Kd4 Rb4+ 67. Ke5 Re6+ 68. Kd5 1-0

[Event "Las Palmas Montalvo Memorial 6th"]
[Site "Las Palmas"]
[Date "2013.03.26"]
[Round "2"]
[White "Rodriguez Manzaneda, Irene"]
[Black "Agejas Garcia, Diego"]
[Result "1-0"]
[WhiteElo "1720"]
[BlackElo "1378"]
[PlyCount "39"]
[EventDate "2013.03.25"]
[EventType "swiss"]
[EventRounds "9"]
[EventCountry "ESP"]
[SourceTitle "CBM 153 Extra"]
[Source "ChessBase"]
[SourceDate "2013.04.22"]
[SourceVersion "1"]
[SourceVersionDate "2013.04.22"]
[SourceQuality "1"]

1. d4 d5 2. c4 e6 3. Nc3 Nf6 4. cxd5 exd5 5. Bg5 Nbd7 6. e3 c6 7. Bd3 Qa5 8. Nge2 Bb4 9. Qc2 0-0 10. 0-0 Re8 11. a3 Bd6 12. Rfe1 Nf8 13. Bxf6 gxf6 14. Ng3 Ng6 15. Nh5 Be7 16. f4 Qd8 17. f5 Nf8 18. Qf2 Bxf5 19. Qxf5 Ng6 20. Rf1 1-0

[Event "Gran Canaria Cabildo op"]
[Site "Gran Canaria"]
[Date "2013.01.21"]
[Round "4"]
[White "Rodriguez Manzaneda, Irene"]
[Black "Suarez Ramirez, Jonay"]
[Result "0-1"]
[WhiteElo "1724"]
[BlackElo "1588"]
[PlyCount "92"]
[EventDate "2013.01.10"]
[EventType "swiss"]
[EventRounds "7"]
[EventCountry "ESP"]
[SourceTitle "CBM 152 Extra"]
[Source "ChessBase"]
[SourceDate "2013.02.25"]
[SourceVersion "1"]
[SourceVersionDate "2013.02.25"]
[SourceQuality "1"]

1. e4 c5 2. d3 Nc6 3. g3 g6 4. Bg2 Bg7 5. f4 d6 6. h3 Nf6 7. Nf3 0-0 8. 0-0 Bd7 9. Nc3 Qc8 10. g4 h5 11. g5 Nh7 12. Kh2 Re8 13. Nh4 Nf8 14. Nd5 Nd4 15. c3 Nc6 16. f5 Be5+ 17. Bf4 Bg7 18. f6 exf6 19. Nxf6+ Bxf6 20. gxf6 Re6 21. Bh6 Nh7 22. Bg7 Qd8 23. Qf3 Ne5 24. Qf4 g5 25. Nf5 Nxf6 26. Qd2 h4 27. Bh6 Nh7 28. d4 Ng6 29. d5 Re5 30. Bg7 Re8 31. Bh6 Nf4 32. Bf3 Bxf5 33. exf5 Re5 34. Rg1 Qf6 35. Bxg5 Nxg5 36. Qxf4 Rxf5 37. Qxh4 Kf8 38. Rxg5 Rxg5 39. Bg4 Qf4+ 40. Kg2 Kg7 41. Rf1 Qd2+ 42. Kg1 Re8 43. Rf2 Re1+ 44. Kh2 Qc1 45. Bf3 Rh1+ 46. Bxh1 Qg1# 0-1

[Event "ESP-ch 77th"]
[Site "San Agustin"]
[Date "2012.10.03"]
[Round "5"]
[White "Henriquez Garcia, David"]
[Black "Rodriguez Manzaneda, Irene"]
[Result "1-0"]
[WhiteElo "1993"]
[BlackElo "1709"]
[PlyCount "113"]
[EventDate "2012.09.29"]
[EventType "swiss"]
[EventRounds "9"]
[EventCountry "ESP"]
[SourceTitle "EXT 2014"]
[Source "ChessBase"]
[SourceDate "2013.11.20"]
[SourceVersion "1"]
[SourceVersionDate "2013.11.20"]
[SourceQuality "1"]

1. e4 c5 2. Nc3 Nc6 3. g3 g6 4. Bg2 Bg7 5. f4 d6 6. d3 e6 7. Nf3 Nge7 8. 0-0 0-0 9. Be3 Rb8 10. Qd2 f5 11. Rab1 b5 12. h3 Nd4 13. Ne2 Nec6 14. c3 Nxe2+ 15. Qxe2 b4 16. e5 Ne7 17. d4 cxd4 18. Bxd4 Nc6 19. Bf2 d5 20. cxb4 Nxb4 21. Bxa7 Ba6 22. Qd2 Bxf1 23. Bxf1 Rb7 24. Bc5 Qa5 25. Bxf8 Bxf8 26. a3 Qb6+ 27. Kh2 Nc6 28. Bg2 Bxa3 29. Ng5 Nd8 30. Rc1 h6 31. bxa3 hxg5 32. fxg5 Nf7 33. Qf4 Qb2 34. Rc8+ Kg7 35. h4 Qxe5 36. Qa4 Re7 37. Qa8 Kh7 38. Qa4 d4 39. Qb4 Qd6 40. Qxd6 Nxd6 41. Rd8 Nb5 42. a4 Nc3 43. Rxd4 Ra7 44. Bc6 e5 45. Rd3 Na2 46. Rd6 e4 47. Be8 Rg7 48. Re6 Nb4 49. Kg2 Nd5 50. Rc6 Ne7 51. Rc7 Nd5 52. Rxg7+ Kxg7 53. a5 Nb4 54. Bb5 Nd5 55. a6 Nc7 56. a7 Kf7 57. Bc6 1-0

[Event "ESP-ch 77th"]
[Site "San Agustin"]
[Date "2012.09.29"]
[Round "1"]
[White "Gutierrez Olivares, Daniel"]
[Black "Rodriguez Manzaneda, Irene"]
[Result "1-0"]
[WhiteElo "2368"]
[BlackElo "1709"]
[PlyCount "58"]
[EventDate "2012.09.29"]
[EventType "swiss"]
[EventRounds "9"]
[EventCountry "ESP"]
[SourceTitle "EXT 2014"]
[Source "ChessBase"]
[SourceDate "2013.11.20"]
[SourceVersion "1"]
[SourceVersionDate "2013.11.20"]
[SourceQuality "1"]

1. c4 Nf6 2. Nc3 e6 3. e4 e5 4. Nf3 d6 5. g3 g6 6. Bg2 Bg7 7. 0-0 0-0 8. d3 Nh5 9. Ne1 c6 10. Be3 Be6 11. f4 exf4 12. gxf4 f5 13. Nf3 fxe4 14. Ng5 Qe7 15. Nxe6 Qxe6 16. dxe4 Bh6 17. Qd2 Na6 18. b3 Nc7 19. Rae1 Qf7 20. Ne2 Ne6 21. f5 Bxe3+ 22. Qxe3 Nc5 23. Qd4 Ng7 24. b4 Nd7 25. Nf4 Kh8 26. Ne6 Rg8 27. Ng5 Qe7 28. fxg6 Ne5 29. Rf7 Qe8 1-0

[Event "EU-ch U14 Girls"]
[Site "Prague"]
[Date "2012.08.23"]
[Round "7"]
[White "Rodriguez Manzaneda, Irene"]
[Black "Hojjatova, Aydan Hikmat Qizi"]
[Result "0-1"]
[WhiteElo "1734"]
[BlackElo "1920"]
[PlyCount "76"]
[EventDate "2012.08.17"]
[EventType "swiss"]
[EventRounds "9"]
[EventCountry "CZE"]
[SourceTitle "CBM 150 Extra"]
[Source "ChessBase"]
[SourceDate "2012.10.19"]
[SourceVersion "1"]
[SourceVersionDate "2012.10.19"]
[SourceQuality "1"]

1. e4 g6 2. d4 Bg7 3. Nf3 d6 4. Bc4 Nf6 5. Nc3 0-0 6. Bg5 Nc6 7. Qd2 a6 8. a4 Nxe4 9. Bxf7+ Rxf7 10. Nxe4 Bg4 11. c3 Bxf3 12. gxf3 Rxf3 13. h4 Qd7 14. Rg1 Raf8 15. 0-0-0 Qf5 16. Rde1 Qa5 17. d5 Ne5 18. Kb1 Qxa4 19. Bxe7 R8f4 20. Qe2 Qc4 21. Qxc4 Nxc4 22. Bg5 Rf5 23. Rd1 Nb6 24. Bd8 Nxd5 25. c4 Rf8 26. Rxd5 Rxd8 27. c5 Rb3 28. Rd2 d5 29. h5 Re8 30. Ng5 h6 31. Ka2 Rb4 32. Nf3 Rf4 33. Ne1 g5 34. Rxd5 Rxf2 35. Nd3 Rd2 36. Rf1 Re3 37. Rd8+ Kh7 38. Rf7 Rexd3 0-1

[Event "EU-ch U14 Girls"]
[Site "Prague"]
[Date "2012.08.21"]
[Round "5"]
[White "Rodriguez Manzaneda, Irene"]
[Black "Pashkuridze, Tamar"]
[Result "1-0"]
[WhiteElo "1734"]
[BlackElo "1538"]
[PlyCount "97"]
[EventDate "2012.08.17"]
[EventType "swiss"]
[EventRounds "9"]
[EventCountry "CZE"]
[SourceTitle "CBM 150 Extra"]
[Source "ChessBase"]
[SourceDate "2012.10.19"]
[SourceVersion "1"]
[SourceVersionDate "2012.10.19"]
[SourceQuality "1"]

1. e4 c6 2. d4 d5 3. Nc3 dxe4 4. Nxe4 Nd7 5. Bc4 Ngf6 6. Nxf6+ Nxf6 7. c3 Bg4 8. Qb3 e6 9. Qxb7 Qc8 10. Qxc8+ Rxc8 11. Bf4 Nd5 12. Be5 f6 13. Bg3 Kf7 14. Ne2 h5 15. h3 Bf5 16. Nf4 g5 17. Nxd5 exd5 18. Ba6 Re8+ 19. Kd2 Bh6 20. Kd1 Re6 21. Re1 Rxe1+ 22. Kxe1 g4 23. h4 Be4 24. Kf1 Re8 25. Rd1 Re7 26. Bd6 Re8 27. b4 Bf5 28. Bd3 Bxd3+ 29. Rxd3 Ra8 30. Rd1 a5 31. a3 axb4 32. Bxb4 Bf8 33. Bxf8 Kxf8 34. Ra1 Ke7 35. a4 Kd6 36. Ke2 c5 37. dxc5+ Kxc5 38. Kd3 Ra6 39. a5 f5 40. g3 Kd6 41. Kd4 Ke6 42. Kc5 Ke5 43. Ra4 Ke6 44. Kb5 Ra8 45. a6 Rb8+ 46. Kc6 Rc8+ 47. Kb7 Rxc3 48. a7 Rb3+ 49. Ka6 1-0

[Event "EU-ch U14 Girls"]
[Site "Prague"]
[Date "2012.08.19"]
[Round "3"]
[White "Serpetsidaki, Eva"]
[Black "Rodriguez Manzaneda, Irene"]
[Result "1-0"]
[WhiteElo "1408"]
[BlackElo "1734"]
[PlyCount "95"]
[EventDate "2012.08.17"]
[EventType "swiss"]
[EventRounds "9"]
[EventCountry "CZE"]
[SourceTitle "CBM 150 Extra"]
[Source "ChessBase"]
[SourceDate "2012.10.19"]
[SourceVersion "1"]
[SourceVersionDate "2012.10.19"]
[SourceQuality "1"]

1. e4 c5 2. Nf3 Nc6 3. d4 cxd4 4. Nxd4 Nf6 5. Nc3 e5 6. Ndb5 d6 7. Bg5 a6 8. Na3 b5 9. Bxf6 gxf6 10. Nd5 Bg7 11. c3 0-0 12. Bd3 Ne7 13. Qh5 Re8 14. Nxe7+ Rxe7 15. Nc2 f5 16. exf5 e4 17. Be2 Re5 18. Ne3 Rb8 19. Rd1 d5 20. 0-0 Rb6 21. f3 Rh6 22. Qg4 exf3 23. Qxf3 Qb6 24. Rd4 Bb7 25. Ng4 Rd6 26. f6 Rxe2 27. Qxe2 Bxf6 28. Nxf6+ Rxf6 29. Rxf6 Qxf6 30. Qg4+ Kf8 31. Qh4 Qb6 32. Kf1 Ke8 33. Qxh7 Qf6+ 34. Kg1 Qe5 35. Qd3 Qe1+ 36. Qf1 Qe3+ 37. Kh1 Ke7 38. Rd1 Qg5 39. Qe2+ Kd6 40. Qf2 Qg4 41. Qf6+ Kc7 42. Qxf7+ Kb8 43. Qf8+ Ka7 44. Qc5+ Kb8 45. Rf1 Qe6 46. Rf8+ Bc8 47. Rxc8+ Qxc8 48. Qxc8+ 1-0

[Event "ESP-ch U14"]
[Site "Salobrena"]
[Date "2012.07.13"]
[Round "7"]
[White "Ruperez Benito, Antonio"]
[Black "Rodriguez Manzaneda, Irene"]
[Result "0-1"]
[WhiteElo "1812"]
[BlackElo "1686"]
[PlyCount "88"]
[EventDate "2012.07.09"]
[EventType "swiss"]
[EventRounds "9"]
[EventCountry "ESP"]
[SourceTitle "EXT 2014"]
[Source "ChessBase"]
[SourceDate "2013.11.20"]
[SourceVersion "1"]
[SourceVersionDate "2013.11.20"]
[SourceQuality "1"]

1. e4 c5 2. Nf3 Nc6 3. d4 cxd4 4. Nxd4 Nf6 5. Nc3 e5 6. Ndb5 d6 7. Bg5 a6 8. Na3 b5 9. Nd5 Be7 10. Bxf6 Bxf6 11. c3 0-0 12. Nc2 Rb8 13. a4 bxa4 14. Ncb4 Nxb4 15. Nxb4 Bb7 16. Rxa4 Bxe4 17. Rxa6 Be7 18. Bd3 Bxg2 19. Rg1 Bb7 20. Qh5 e4 21. Bc4 Bxa6 22. Qh6 Bf6 23. Bxa6 Kh8 24. Qh5 Qe8 25. Rg3 Qe5 26. Qe2 Rbe8 27. Bc4 Ra8 28. Kf1 Qf5 29. Kg2 Ra5 30. Qg4 Qxg4 31. Rxg4 Rg5 32. Rxg5 Bxg5 33. Nd5 Rb8 34. b4 Kg8 35. b5 Bd8 36. Nb4 Bb6 37. Nd5 Kf8 38. Kg3 f5 39. Kf4 g6 40. Nf6 Kg7 41. Nd7 Rb7 42. Nxb6 Rxb6 43. f3 exf3 44. Kxf3 Kf6 0-1